| 000 | 01053 a2200229 4500 | ||
|---|---|---|---|
| 001 | 63718 | ||
| 005 | 20260407155935.0 | ||
| 008 | 260407a2025 arg spa d | ||
| 003 | AR-UNSa-BCEJYS | ||
| 040 |
_aAR-UNSa-BCEJYS _bspa _cAR-UNSa-BCEJYS |
||
| 080 |
_a331.44 _xInfluencia en el trabajador de factores físicos y psicológicos (relacionados o no con el trabajo) (Violencia Laboral) |
||
| 245 | 1 | 0 |
_aViolencia en el trabajo _pEnfoque psicológico y legal |
| 020 | _a978-631-01-0159-0 | ||
| 264 | 1 |
_aMendoza : _b[s.e.] _c2025 |
|
| 300 |
_a213 p. _c21 cm. |
||
| 505 | _a1. Introducción a la violencia en el trabajo – 2. Enfoque psicológico – 3. Marco legal de la violencia laboral – 4. Protocolo de violencia laboral – 5. La violencia laboral en la jurisprudencia Argentina – 6. Análisis de casos – | ||
| 041 | _aspa | ||
| 942 | _cBK | ||
| 590 | _aniveau_biblio:m niveau_hierar:0 | ||
| 100 | 1 | _aBenaroya, Sergio Gustavo | |
| 856 | 4 | 1 |
_uhttps://www.biblioeco.unsa.edu.ar/pmb/images/libros/L129425.jpg _yImagen de portada _qimage/jpeg |
| 999 |
_c8278 _d8278 |
||